000 00676nam a2200217Ia 4500
003 GCL
008 140319s9999 xx 000 0 ara d
040 _aGCL /
_cGCL
082 0 4 _a910.03156
_bز م
100 1 _aزهير محمد جميل كتبى
245 1 0 _aالمناخ فى التراث الاسلامى /
_cزهير محمد جميل كتبى
260 _a[S.N] :
_bدار الفنون للطباعة والنشر ،
_c1990
300 _a119 ص
490 _a
650 0 4 _aالاسلام
650 0 4 _aالفلسفة
650 0 4 _aالوطن العربى
650 0 4 _aالثقافة الاسلامية
650 0 4 _aالجغرافيا
942 _2ddc
_cBK
999 _c44147
_d44147